000 00832nam a2200229 i 4500
001 bg
100 1 _aWerner, Piotr.
245 1 0 _aWprowadzenie do geograficznych systemów informacyjnych /
_bPiotr Werner ; Uniwersytet Warszawski. Wydział Geografii i Studiów Regionalnych.
246 1 1 _aIntroduction to geographical information systems
260 _aWarszawa :
_bUniwersytet Warszawski,
_c1992.
300 _a123, [1] s. :
_bil. ;
_c24 cm.
500 _aTyt. równol.: Introduction to geographical information systems
504 _aBibliogr. s. 120-123.
650 9 _aGeografia
_xinformacja
650 9 _aSystemy informacyjne
_xstosowanie
_xgeografia
040 _cBPK
041 0 _apol
044 _aPOL
080 _a910.1+528.9:001.102-048.44:004.6:004.93
942 _cKS
008 100820s1992 pl a |000 0 pol
999 _c49618
_d49618
856 _uhttp://koha.tu.koszalin.pl/cgi-bin/koha/opac-detail.pl?biblionumber=49618
_yKatalog online BPK